[Event "Olimpiade 2022 - Open"]
[Site "Chennai"]
[Date "06.08.2022"]
[Round "8.4"]
[Board "2"]
[White "Guseinov, Gadir"]
[Black "Suleymenov, Alisher"]
[Result "0-1"]
[WhiteTitle "GM"]
[BlackTitle "IM"]
[WhiteElo "2668"]
[BlackElo "2467"]
[WhiteTeam "Azerbaijan"]
[BlackTeam "Kazakhstan"]
[WhiteFideId "13401378"]
[BlackFideId "13707833"]
[EventDate "2022.07.29"]

1. e4 c5 2. Nf3 Nc6 3. Nc3 e5 4. Bc4 Be7 5. d3 Nf6 6. Bg5 d6 7. Bxf6 Bxf6 8. Nd5
O-O 9. c3 Bg5 10. Nxg5 Qxg5 11. Qd2 Qxg2 12. O-O-O Qh3 13. Rdg1 Qh4 14. Rg5 Kh8
15. Rhg1 g6 16. Nc7 Rb8 17. Nb5 f6 18. R5g3 Rd8 19. Nc7 f5 20. Qg5 Qf4+ 21. Qxf4
exf4 22. Rf3 Rd7 23. Ne6 Ne5 24. Rh3 fxe4 25. Nxf4 d5 26. Rg5 Nf7 27. Rxd5 Rxd5
28. Bxd5 Bxh3 29. Nxh3 Ne5 30. Bxe4 Ng4 31. Kd2 Nxh2 32. Ng5 Ng4 33. f4 b6 34.
d4 cxd4 35. cxd4 Kg7 36. Bc6 h6 37. Ne6+ Kf6 38. d5 g5 39. fxg5+ hxg5 40. b4 Ne5
41. Bb5 Rh8 42. a4 Rh4 43. Nc7 Ke7 44. Ne6 g4 45. Ng7 Kf6 46. Ne8+ Kg5 47. d6 g3 0-1

[Event "Olimpiade 2022 - Open"]
[Site "Chennai"]
[Date "06.08.2022"]
[Round "8.4"]
[Board "3"]
[White "Urazayev, Arystanbek"]
[Black "Durarbayli, Vasif"]
[Result "0-1"]
[WhiteTitle "IM"]
[BlackTitle "GM"]
[WhiteElo "2430"]
[BlackElo "2638"]
[WhiteTeam "Kazakhstan"]
[BlackTeam "Azerbaijan"]
[WhiteFideId "13709810"]
[BlackFideId "13402935"]
[EventDate "2022.07.29"]

1. e4 e5 2. Nf3 Nc6 3. Bb5 a6 4. Ba4 Nf6 5. O-O Be7 6. Re1 b5 7. Bb3 O-O 8. a4
b4 9. d4 d6 10. dxe5 Nxe5 11. Nxe5 dxe5 12. Qe2 Bc5 13. Be3 Bd4 14. c3 bxc3 15.
bxc3 Bxe3 16. Qxe3 Rb8 17. Nd2 Rb6 18. a5 Ng4 19. Qe2 Rh6 20. h3 Nf6 21. Nc4 Be6
22. Rab1 Nh5 23. Nxe5 Nf4 24. Qf3 Qg5 25. Ng4 Rg6 26. Kh1 h5 27. Ne3 Qh4 28. Rg1
Nd3 29. Nf5 Nxf2+ 30. Kh2 Bxf5 31. exf5 Rg3 32. Bxf7+ Rxf7 33. Rb8+ Kh7 0-1

[Event "Olimpiade 2022 - Open"]
[Site "Chennai"]
[Date "06.08.2022"]
[Round "8.4"]
[Board "4"]
[White "Abasov, Nijat"]
[Black "Nogerbek, Kazybek"]
[Result "1-0"]
[WhiteTitle "GM"]
[BlackTitle "FM"]
[WhiteElo "2633"]
[BlackElo "2437"]
[WhiteTeam "Azerbaijan"]
[BlackTeam "Kazakhstan"]
[WhiteFideId "13402960"]
[BlackFideId "13710427"]
[EventDate "2022.07.29"]

1. d4 Nf6 2. c4 e6 3. Nf3 d5 4. Nc3 Be7 5. Bf4 O-O 6. e3 c5 7. dxc5 Bxc5 8. a3
Nc6 9. Rc1 dxc4 10. Bxc4 Qxd1+ 11. Kxd1 Rd8+ 12. Ke2 Bd7 13. Nb5 Be7 14. Nbd4
Rac8 15. h3 Nxd4+ 16. Nxd4 Bc5 17. Be5 Bxd4 18. Bxd4 Rxc4 19. Rxc4 Bb5 20. b3
Ne4 21. Rc1 Nd6 22. a4 Ba6 23. Bxa7 Ra8 24. Bd4 f6 25. f4 Kf7 26. Kd3 Rc8 27.
Rc2 h5 28. e4 Nxc4 29. bxc4 Kg6 30. a5 Kf7 31. Rc3 Kg6 32. Rc1 Kf7 33. e5 Kg6
34. exf6 gxf6 35. g4 hxg4 36. hxg4 e5 37. fxe5 fxe5 38. Be3 Rc6 39. Rh1 Kg7 40.
Ke4 Rxc4+ 41. Kf5 Bb5 42. Rb1 Bd7+ 43. Kxe5 Bc6 44. Bd4 Ra4 45. Bc3 Rxg4 46.
Kf5+ 1-0

[Event "Olimpiade 2022 - Open"]
[Site "Chennai"]
[Date "06.08.2022"]
[Round "8.5"]
[Board "1"]
[White "Giri, Anish"]
[Black "Erdos, Viktor"]
[Result "1-0"]
[WhiteTitle "GM"]
[BlackTitle "GM"]
[WhiteElo "2760"]
[BlackElo "2586"]
[WhiteTeam "Netherlands"]
[BlackTeam "Hungary"]
[WhiteFideId "24116068"]
[BlackFideId "719978"]
[EventDate "2022.07.29"]

1. Nf3 d5 2. d4 Nf6 3. c4 dxc4 4. e3 e6 5. Bxc4 c5 6. O-O a6 7. Bd3 Nbd7 8. e4
cxd4 9. e5 Nd5 10. Bc4 Nb4 11. a3 Nc6 12. Re1 b5 13. Bf1 Bb7 14. Nbd2 Be7 15.
Nb3 O-O 16. Bf4 Rc8 17. Bd3 Re8 18. Qe2 f5 19. exf6 Bxf6 20. Be4 Na5 21. Nxa5
Bxe4 22. Qxe4 Qxa5 23. Rac1 Qb6 24. Rxc8 Rxc8 25. b4 Rc3 26. g4 h6 27. h4 Rc4
28. g5 hxg5 29. hxg5 d3 30. Qxd3 Qc6 31. Qd6 Bb2 32. Rxe6 Qxd6 33. Bxd6 Rc8 34.
Kg2 Nb6 35. Bc5 Nc4 36. Rxa6 Nxa3 37. g6 Nc4 38. Nd4 Ne5 39. Nxb5 Nd3 40. Bd6
Bc1 41. Nd4 Nf4+ 42. Bxf4 Bxf4 43. b5 1-0

[Event "Olimpiade 2022 - Open"]
[Site "Chennai"]
[Date "06.08.2022"]
[Round "8.5"]
[Board "2"]
[White "Berkes, Ferenc"]
[Black "Van Foreest, Jorden"]
[Result "1/2-1/2"]
[WhiteTitle "GM"]
[BlackTitle "GM"]
[WhiteElo "2649"]
[BlackElo "2678"]
[WhiteTeam "Hungary"]
[BlackTeam "Netherlands"]
[WhiteFideId "718572"]
[BlackFideId "1039784"]
[EventDate "2022.07.29"]

1. Nf3 Nf6 2. g3 g6 3. Bg2 Bg7 4. O-O O-O 5. d4 d5 6. c3 Bf5 7. Qb3 Qc8 8. c4
dxc4 9. Qxc4 c5 10. Qxc5 Qxc5 11. dxc5 Na6 12. c6 bxc6 13. Nd4 Nb4 14. Nxf5 gxf5
15. Na3 Nfd5 16. Nc4 Rad8 17. Bd2 c5 18. Rfc1 Nb6 19. Bg5 Rd7 20. a3 N4d5 21.
Rab1 h6 22. Nxb6 axb6 23. Bd2 Rfd8 24. Be1 e6 25. e3 Nf6 26. b4 Ra7 27. bxc5
bxc5 28. Rxc5 Rxa3 29. Bf3 Nd7 30. Rc7 Be5 31. Rcc1 Rb8 32. Rxb8+ Nxb8 33. Kg2
Nd7 34. h3 Kg7 35. Rc2 Rb3 36. Ba5 Rb2 37. Rc4 Rb5 38. Bd2 Rc5 39. Be2 Rxc4 40.
Bxc4 Nf6 41. Kf1 Ne4 42. Ke2 1/2-1/2

[Event "Olimpiade 2022 - Open"]
[Site "Chennai"]
[Date "06.08.2022"]
[Round "8.5"]
[Board "3"]
[White "Bok, Benjamin"]
[Black "Banusz, Tamas"]
[Result "1/2-1/2"]
[WhiteTitle "GM"]
[BlackTitle "GM"]
[WhiteElo "2616"]
[BlackElo "2611"]
[WhiteTeam "Netherlands"]
[BlackTeam "Hungary"]
[WhiteFideId "1017063"]
[BlackFideId "722413"]
[EventDate "2022.07.29"]

1. d4 d5 2. c4 c6 3. cxd5 cxd5 4. Bf4 Nf6 5. e3 Nc6 6. Bb5 e6 7. Nc3 Bd6 8. Bg3
O-O 9. Nf3 Ne7 10. Bd3 b6 11. Rc1 Bb7 12. O-O Bxg3 13. hxg3 Ne4 14. Bxe4 dxe4
15. Ng5 Nc6 16. Ngxe4 e5 17. d5 Nb4 18. Qb3 a5 19. a3 Bxd5 20. Nxd5 Qxd5 21. Rc4
Rad8 22. axb4 b5 23. Nf6+ gxf6 24. Rg4+ Kh8 25. Qxd5 Rxd5 26. bxa5 b4 27. Ra1
Ra8 28. Rxb4 Rdxa5 29. Rxa5 Rxa5 30. g4 Rc5 31. Kh2 Rc2 32. Kg3 Kg7 33. Rb7 Kg6
34. b4 Rc4 35. b5 Rb4 36. b6 h5 37. gxh5+ Kxh5 38. Rb8 Kg6 39. Kf3 f5 40. Ke2
Kf6 41. Kd3 e4+ 42. Kc3 Rb1 43. g3 Kg5 44. b7 Kf6 45. Kd4 Rd1+ 46. Kc4 Rc1+ 47.
Kb3 Rb1+ 48. Kc3 Rc1+ 49. Kb2 Rc6 50. Kb3 Rb6+ 51. Kc2 Rb5 52. Kd2 Rb2+ 53. Ke1
Rb1+ 54. Ke2 Kg7 55. Kd2 Kf6 56. Kc2 Rb6 57. Kc1 Rb5 58. Kd1 Rb1+ 59. Kd2 Rb2+
60. Kc3 Rb1 61. Kc4 Rc1+ 62. Kb3 Rb1+ 63. Kc3 Rc1+ 64. Kb2 Rc6 65. Ka3 Rb6 66.
Ka4 Rb1 67. Ka5 Ra1+ 68. Kb5 Rb1+ 69. Kc5 Rc1+ 70. Kd5 Rd1+ 71. Kc6 Rc1+ 72. Kd6
Rd1+ 73. Kc5 Rc1+ 74. Kd5 Rd1+ 75. Kc4 1/2-1/2

[Event "Olimpiade 2022 - Open"]
[Site "Chennai"]
[Date "06.08.2022"]
[Round "8.5"]
[Board "4"]
[White "Kantor, Gergely"]
[Black "Warmerdam, Max"]
[Result "0-1"]
[WhiteTitle "GM"]
[BlackTitle "GM"]
[WhiteElo "2582"]
[BlackElo "2610"]
[WhiteTeam "Hungary"]
[BlackTeam "Netherlands"]
[WhiteFideId "751499"]
[BlackFideId "1048104"]
[EventDate "2022.07.29"]

1. d4 d5 2. c4 e6 3. Nc3 Nf6 4. cxd5 exd5 5. Bg5 Bb4 6. e3 h6 7. Bxf6 Qxf6 8.
Qa4+ Nc6 9. Ne2 O-O 10. Nf4 Rd8 11. Rc1 g5 12. Nd3 Bf8 13. Be2 Ne7 14. O-O c6
15. Ne5 Nf5 16. Bh5 Be6 17. Nd3 Bd6 18. Qd1 Kh8 19. b4 Rg8 20. h3 g4 21. Bxg4 h5
22. Bxh5 Qh4 23. Qf3 Nxd4 24. exd4 Bxh3 25. Ne5 Bxe5 26. dxe5 Rxg2+ 27. Kh1 Rg1+
28. Kxg1 Rg8+ 0-1

[Event "Olimpiade 2022 - Open"]
[Site "Chennai"]
[Date "06.08.2022"]
[Round "8.6"]
[Board "1"]
[White "Maghsoodloo, Parham"]
[Black "Moussard, Jules"]
[Result "1/2-1/2"]
[WhiteTitle "GM"]
[BlackTitle "GM"]
[WhiteElo "2701"]
[BlackElo "2672"]
[WhiteTeam "Iran"]
[BlackTeam "France"]
[WhiteFideId "12539929"]
[BlackFideId "642908"]
[EventDate "2022.07.29"]

1. d4 Nf6 2. c4 e6 3. Nf3 d5 4. g3 Bb4+ 5. Bd2 Be7 6. Bg2 O-O 7. O-O Nbd7 8. c5
b6 9. c6 Nb8 10. Qc2 a5 11. Rc1 Ba6 12. Bf4 Ne4 13. a4 g5 14. Be3 f6 15. h4 Nd6
16. Bh3 Bc8 17. Na3 Na6 18. Nb5 Nb4 19. Qb1 gxh4 20. Nxh4 f5 21. Bh6 Rf6 22. Bg5
Rf7 23. Nxd6 cxd6 24. c7 Qf8 25. Bxe7 Rxe7 26. Ra3 Ra7 27. Rac3 Qf7 28. g4 Qg7
29. Ng2 fxg4 30. Bxg4 Qxd4 31. Rd1 Qf6 32. Rf3 Qh6 33. Rh3 Qf8 34. Rf3 Qh6 35.
Rh3 Qf8 36. Rf3 Rf7 37. Rxf7 Qxf7 38. Qc1 Qxc7 39. Qh6 Qe7 40. Rc1 Rc7 41. Rxc7
Qxc7 42. Bxe6+ Bxe6 43. Qxe6+ Kf8 44. Qf6+ Kg8 45. Qe6+ Kf8 46. Qf6+ 1/2-1/2

[Event "Olimpiade 2022 - Open"]
[Site "Chennai"]
[Date "06.08.2022"]
[Round "8.6"]
[Board "2"]
[White "Fressinet, Laurent"]
[Black "Tabatabaei, M. Amin"]
[Result "1/2-1/2"]
[WhiteTitle "GM"]
[BlackTitle "GM"]
[WhiteElo "2631"]
[BlackElo "2664"]
[WhiteTeam "France"]
[BlackTeam "Iran"]
[WhiteFideId "608742"]
[BlackFideId "12521213"]
[EventDate "2022.07.29"]

1. d4 Nf6 2. c4 e6 3. g3 d5 4. Bg2 dxc4 5. Qa4+ Nbd7 6. Qxc4 c5 7. Nf3 a6 8. Qb3
cxd4 9. Nxd4 Nc5 10. Qe3 Nd5 11. Qd2 b5 12. Nc3 Bb7 13. Nxd5 Bxd5 14. O-O Bxg2
15. Kxg2 e5 16. Nb3 Qxd2 17. Bxd2 Na4 18. Rab1 Rc8 19. Rfc1 Rxc1 20. Nxc1 Bd6
21. b3 Nc5 22. Bb4 e4 23. a4 Kd7 24. axb5 axb5 25. Na2 Rc8 26. Rc1 Rc6 27. Bxc5
Bxc5 28. e3 f5 29. h4 g6 30. Kf1 Rc7 31. Ke2 Bd6 32. Rxc7+ Kxc7 33. Kd1 Kc6 34.
Ke2 Kc5 35. Kd1 Be5 36. Ke2 Bf6 37. Kd2 Be5 38. Ke2 Bf6 1/2-1/2

[Event "Olimpiade 2022 - Open"]
[Site "Chennai"]
[Date "06.08.2022"]
[Round "8.6"]
[Board "3"]
[White "Idani, Pouya"]
[Black "Cornette, Matthieu"]
[Result "1-0"]
[WhiteTitle "GM"]
[BlackTitle "GM"]
[WhiteElo "2641"]
[BlackElo "2551"]
[WhiteTeam "Iran"]
[BlackTeam "France"]
[WhiteFideId "12510130"]
[BlackFideId "620084"]
[EventDate "2022.07.29"]

1. e4 c5 2. Nf3 Nc6 3. Bc4 e6 4. O-O Nf6 5. Re1 Nxe4 6. Rxe4 d5 7. Bxd5 Qxd5 8.
Nc3 Qf5 9. d4 cxd4 10. Nxd4 Nxd4 11. Rxd4 Be7 12. Qe2 O-O 13. Be3 b6 14. Rad1
Re8 15. Rf4 Qg6 16. Rg4 Qf5 17. Bh6 Bf8 18. Ne4 Ba6 19. c4 Red8 20. Ng3 Rxd1+
21. Qxd1 Qe5 22. Bxg7 Bxg7 23. Nh5 Kh8 24. Rxg7 Bxc4 25. h4 Qe2 26. Qd4 e5 27.
Qd6 Qe1+ 28. Kh2 Qxf2 29. Rg4 Qf5 30. Rxc4 Qxh5 31. Qf6+ Kg8 32. Kh3 Re8 33.
Rg4+ Kf8 34. Rg5 1-0

[Event "Olimpiade 2022 - Open"]
[Site "Chennai"]
[Date "06.08.2022"]
[Round "8.6"]
[Board "4"]
[White "Lagarde, Maxime"]
[Black "Mousavi, Seyed Khalil"]
[Result "1/2-1/2"]
[WhiteTitle "GM"]
[BlackTitle "IM"]
[WhiteElo "2631"]
[BlackElo "2537"]
[WhiteTeam "France"]
[BlackTeam "Iran"]
[WhiteFideId "662399"]
[BlackFideId "12511099"]
[EventDate "2022.07.29"]

1. e4 e6 2. d4 d5 3. Nc3 Nf6 4. Bg5 Be7 5. e5 Nfd7 6. h4 h6 7. Bxe7 Qxe7 8. f4
a6 9. Nf3 c5 10. Qd2 b5 11. a3 Bb7 12. Bd3 O-O 13. g4 Nc6 14. O-O-O b4 15. axb4
cxd4 16. Ne2 Qxb4 17. Qxb4 Nxb4 18. Nexd4 Nc5 19. Kd2 a5 20. Ke3 a4 21. Ra1 Rfb8
22. Ra3 Nbxd3 23. cxd3 Ba6 24. Rh2 Nxd3 25. Rxd3 Bxd3 26. Kxd3 a3 27. bxa3 Rxa3+
28. Kd2 Rb2+ 29. Kc1 Rxh2 30. Nxh2 Re3 31. Nhf3 Re4 32. f5 exf5 33. gxf5 g5 34.
fxg6 fxg6 35. Kd2 g5 36. hxg5 hxg5 37. Nc6 g4 38. Ng5 g3 39. Nxe4 g2 40. Nf6+
Kh8 41. e6 g1=Q 42. e7 Qf2+ 43. Kd1 Qf1+ 44. Kd2 Qf2+ 1/2-1/2

[Event "Olimpiade 2022 - Open"]
[Site "Chennai"]
[Date "06.08.2022"]
[Round "8.7"]
[Board "1"]
[White "Korobov, Anton"]
[Black "Supi, Luis Paulo"]
[Result "1/2-1/2"]
[WhiteTitle "GM"]
[BlackTitle "GM"]
[WhiteElo "2692"]
[BlackElo "2603"]
[WhiteTeam "Ukraine"]
[BlackTeam "Brazil"]
[WhiteFideId "14105730"]
[BlackFideId "2106388"]
[EventDate "2022.07.29"]

1. d4 d5 2. c4 e6 3. Nc3 a6 4. cxd5 exd5 5. Bf4 Nf6 6. e3 c5 7. Nge2 Nc6 8. g3
cxd4 9. exd4 h6 10. Bg2 Bd6 11. O-O O-O 12. Bxd6 Qxd6 13. Nf4 Be6 14. Re1 Rfe8
15. Nxe6 Rxe6 16. Rxe6 Qxe6 17. Qb3 Nxd4 18. Qxb7 Rd8 19. Rd1 Ne2+ 20. Nxe2 Qxe2
21. Qb3 Ne4 22. Bxe4 Qxe4 23. Qb6 Re8 24. Qxa6 Qc2 25. Qf1 Qxb2 26. Rxd5 Qxa2
27. Qd1 Re1+ 28. Qxe1 Qxd5 29. Qe8+ Kh7 30. h4 h5 1/2-1/2

[Event "Olimpiade 2022 - Open"]
[Site "Chennai"]
[Date "06.08.2022"]
[Round "8.7"]
[Board "2"]
[White "Fier, Alexandr"]
[Black "Kuzubov, Yuriy"]
[Result "1-0"]
[WhiteTitle "GM"]
[BlackTitle "GM"]
[WhiteElo "2567"]
[BlackElo "2642"]
[WhiteTeam "Brazil"]
[BlackTeam "Ukraine"]
[WhiteFideId "2107139"]
[BlackFideId "14112906"]
[EventDate "2022.07.29"]

1. e4 e5 2. Nf3 Nf6 3. Nxe5 d6 4. Nf3 Nxe4 5. d4 d5 6. Bd3 Be7 7. O-O Bf5 8. Re1
Nc6 9. Nbd2 Nxd2 10. Qxd2 Bxd3 11. Qxd3 O-O 12. c3 h6 13. Bf4 Bd6 14. Be5 Qd7
15. Re2 Rfe8 16. Rae1 Rad8 17. Bxd6 Rxe2 18. Qxe2 Qxd6 19. h4 Qd7 20. g3 a6 21.
Nd2 Nb8 22. Nb3 b6 23. Nc1 Qd6 24. Nd3 Nd7 25. Nf4 a5 26. Kg2 Nf6 27. Qb5 Qd7
28. a4 Qxb5 29. axb5 Ne4 30. f3 Nd6 31. Nxd5 Nxb5 32. Re5 Kf8 33. Nxb6 Nxc3 34.
Nd7+ Rxd7 35. bxc3 a4 36. Ra5 c5 37. Rxa4 cxd4 38. Rxd4 Ra7 39. Kf2 Ra3 40. Rc4
Ke7 41. Ke3 Kd6 42. h5 g6 43. hxg6 fxg6 44. Kd3 h5 45. Rc8 Ra5 46. Ke3 Re5+ 47.
Kf2 Kd7 48. Rc4 Ra5 49. Ke3 Kd6 50. Rb4 Re5+ 51. Kd3 Rg5 52. g4 Ke6 53. Re4+ Kd6
54. gxh5 gxh5 55. Ke3 Rg8 56. Kf2 Rc8 57. c4 Rh8 58. Kg3 Rg8+ 59. Kh4 Rf8 60. f4
Rf5 61. Kg3 Rf8 62. Re5 h4+ 63. Kg4 Rh8 64. c5+ Kc6 65. Kh3 Kb5 66. f5 Rh5 67.
Kg4 Rh8 68. Re2 h3 69. Rh2 Kxc5 70. f6 Rg8+ 71. Kf5 Rg3 72. Kf4 Rg6 73. Ke5 Rg5+
74. Ke6 Rg3 75. Rf2 Rg6 76. Kf5 Rg2 77. Rf3 h2 78. f7 h1=Q 79. f8=Q+ Kd5 80.
Qd8+ 1-0

[Event "Olimpiade 2022 - Open"]
[Site "Chennai"]
[Date "06.08.2022"]
[Round "8.7"]
[Board "3"]
[White "Shevchenko, Kirill"]
[Black "Mekhitarian, Krikor Sevag"]
[Result "1/2-1/2"]
[WhiteTitle "GM"]
[BlackTitle "GM"]
[WhiteElo "2654"]
[BlackElo "2542"]
[WhiteTeam "Ukraine"]
[BlackTeam "Brazil"]
[WhiteFideId "14129574"]
[BlackFideId "2107660"]
[EventDate "2022.07.29"]

1. e4 e5 2. Nf3 Nc6 3. Bb5 Nf6 4. d3 Bc5 5. Bxc6 dxc6 6. Nbd2 Nd7 7. O-O O-O 8.
Nc4 Re8 9. Kh1 f6 10. Nh4 Nf8 11. Be3 Bd6 12. g3 Bh3 13. Rg1 Be6 14. Nxd6 cxd6
15. f4 f5 16. Nxf5 Bxf5 17. exf5 exf4 18. Bxf4 Qa5 19. g4 Qd5+ 20. Rg2 Re7 21.
Qf1 Rae8 22. c4 Qd4 23. Rd1 Nd7 24. Qf2 Qf6 25. h3 Nc5 26. Kh2 b6 27. Qf3 Qd4
28. Qf2 Qf6 29. b3 d5 30. Qf3 Qd4 31. cxd5 cxd5 32. Qf2 Qc3 33. Qf3 Qd4 34. Bc1
Re3 35. Bxe3 Rxe3 36. Qf1 Nxd3 37. f6 Qe5+ 38. Kg1 Nf4 39. f7+ Kf8 40. Rc1 Rxh3
41. Qf2 Qe4 42. Rc2 Rf3 43. Qh4 Qe3+ 44. Rgf2 Rg3+ 45. Kf1 Qd3+ 46. Rce2 Qd1+
47. Re1 Qd3+ 48. Ree2 Qb1+ 49. Re1 Qd3+ 1/2-1/2

[Event "Olimpiade 2022 - Open"]
[Site "Chennai"]
[Date "06.08.2022"]
[Round "8.7"]
[Board "4"]
[White "Diamant, Andre"]
[Black "Onyshchuk, Volodymyr"]
[Result "0-1"]
[WhiteTitle "GM"]
[BlackTitle "GM"]
[WhiteElo "2538"]
[BlackElo "2612"]
[WhiteTeam "Brazil"]
[BlackTeam "Ukraine"]
[WhiteFideId "2108356"]
[BlackFideId "14114038"]
[EventDate "2022.07.29"]

1. Nf3 Nf6 2. c4 g6 3. Nc3 Bg7 4. e4 d6 5. d4 O-O 6. Be2 c6 7. O-O e5 8. d5 Na6
9. Bg5 h6 10. Bh4 Bd7 11. Nd2 c5 12. a3 Qe7 13. Rb1 Rfc8 14. b4 Qf8 15. Kh1 Nh7
16. f3 h5 17. bxc5 Nxc5 18. Nb3 Na4 19. Nxa4 Bxa4 20. Qd2 b6 21. Qb4 Qe8 22. Bf2
Bh6 23. Nc1 Bd7 24. Na2 Qe7 25. a4 h4 26. h3 Nf6 27. Bxh4 Kg7 28. g4 Rh8 29. Kg2
Bf4 30. Bf2 Rxh3 31. Rh1 Rhh8 32. Qb3 Bxg4 33. fxg4 Nxe4 34. Nc3 Nd2 35. Qc2
Nxb1 36. Qxb1 Rxh1 37. Kxh1 Rh8+ 38. Kg1 Qg5 39. Qe4 f5 40. Qf3 e4 41. Bd4+ Kf7
42. Nxe4 fxe4 43. Qxe4 Be5 44. Bf2 Kg7 45. a5 bxa5 46. c5 dxc5 47. Qa4 Qc1+ 48.
Bd1 Rf8 49. Bh4 Qe3+ 50. Kg2 Qd2+ 0-1

[Event "Olimpiade 2022 - Open"]
[Site "Chennai"]
[Date "06.08.2022"]
[Round "8.8"]
[Board "1"]
[White "Ganguly, Surya Shekhar"]
[Black "Cordova, Emilio"]
[Result "0-1"]
[WhiteTitle "GM"]
[BlackTitle "GM"]
[WhiteElo "2608"]
[BlackElo "2549"]
[WhiteTeam "India 3"]
[BlackTeam "Peru"]
[WhiteFideId "5002150"]
[BlackFideId "3801497"]
[EventDate "2022.07.29"]

1. e4 c5 2. Nf3 Nc6 3. d4 cxd4 4. Nxd4 Nf6 5. Nc3 d6 6. Bg5 e6 7. Qd3 Bd7 8.
O-O-O a6 9. f4 Be7 10. Nf3 h6 11. Bxf6 gxf6 12. Kb1 Qc7 13. g3 O-O-O 14. Bh3 Kb8
15. Rhe1 Bc8 16. Qe3 Na5 17. Nd4 Rhe8 18. Qf3 Bf8 19. Qh5 Nc4 20. Bf1 d5 21.
exd5 Na3+ 22. Kc1 Bb4 23. Re3 e5 24. fxe5 Rxe5 25. Qxh6 Bg4 26. Be2 Bxe2 27.
Ncxe2 Rde8 28. bxa3 Bf8 29. Nc6+ Qxc6 30. Qf4 Qd6 31. Rxe5 Rxe5 32. Qc4 Qxa3+
33. Kb1 Rxe2 34. d6 Re6 35. Qc7+ Ka7 36. d7 Be7 37. Ka1 Rc6 0-1

[Event "Olimpiade 2022 - Open"]
[Site "Chennai"]
[Date "06.08.2022"]
[Round "8.8"]
[Board "2"]
[White "Cruz, Cristhian"]
[Black "Sethuraman, S.P."]
[Result "1/2-1/2"]
[WhiteTitle "GM"]
[BlackTitle "GM"]
[WhiteElo "2579"]
[BlackElo "2623"]
[WhiteTeam "Peru"]
[BlackTeam "India 3"]
[WhiteFideId "3801969"]
[BlackFideId "5021596"]
[EventDate "2022.07.29"]

1. d4 Nf6 2. c4 e6 3. Nc3 d5 4. cxd5 exd5 5. Bg5 Bb4 6. e3 h6 7. Qa4+ Nc6 8. Bh4
g5 9. Bg3 Ne4 10. Bb5 Bxc3+ 11. bxc3 Bd7 12. Qc2 h5 13. Ne2 Qe7 14. h4 O-O-O 15.
hxg5 Nxg3 16. Nxg3 Qxg5 17. Bxc6 bxc6 18. Qa4 Rde8 19. Kd2 h4 20. Ne2 Qxg2 21.
Rhf1 Qe4 22. Nf4 Bf5 23. Qxc6 Rh6 24. Qa8+ Kd7 25. Qxd5+ Qxd5 26. Nxd5 h3 27. f3
Rb8 28. e4 Be6 29. Nf4 Rb2+ 30. Ke3 Bxa2 31. Nd3 Rg2 32. Rh1 h2 33. Nf2 Bb3 34.
Rxa7 Rc6 35. Ng4 Rxc3+ 36. Kf4 Rcc2 37. Ne3 Rg1 38. Ra1 Rxa1 39. Rxa1 Rd2 40.
Rh1 Rxd4 41. Rxh2 c5 42. Rh5 Kc6 43. Rh6+ Kb5 44. Rh8 Be6 45. Rb8+ Kc6 46. Rb1
c4 47. Rd1 Kc5 48. Ke5 Rd3 49. Rxd3 cxd3 50. Nf1 Kc4 51. Kf4 Kd4 52. Nd2 Bh3 53.
Nb1 Bd7 54. Nd2 Ba4 55. Nf1 Bb5 56. Nd2 Bd7 57. Nf1 f6 58. Nd2 Be6 59. Nf1 1/2-1/2

[Event "Olimpiade 2022 - Open"]
[Site "Chennai"]
[Date "06.08.2022"]
[Round "8.8"]
[Board "3"]
[White "Gupta, Abhijeet"]
[Black "Terry, Renato"]
[Result "0-1"]
[WhiteTitle "GM"]
[BlackTitle "IM"]
[WhiteElo "2627"]
[BlackElo "2502"]
[WhiteTeam "India 3"]
[BlackTeam "Peru"]
[WhiteFideId "5010608"]
[BlackFideId "3803457"]
[EventDate "2022.07.29"]

1. d4 e6 2. c4 Bb4+ 3. Nd2 Nf6 4. g3 O-O 5. Bg2 d5 6. Nf3 b6 7. O-O Bb7 8. b3
Nbd7 9. Bb2 Ne4 10. a3 Bd6 11. b4 f5 12. Ne5 Nxe5 13. dxe5 Be7 14. cxd5 Nxd2 15.
Qxd2 Bxd5 16. Bxd5 Qxd5 17. Qxd5 exd5 18. Rfd1 Rfd8 19. b5 Rac8 20. Rac1 c5 21.
bxc6 Bc5 22. e6 Rxc6 23. e7 Re8 24. Rxd5 Rxe7 25. Bd4 g6 26. Bxc5 Rec7 27. Kg2
Rxc5 28. Rcxc5 bxc5 29. Kf3 Kf7 30. e4 Ke6 31. Ke3 Rc6 32. f4 Ra6 33. Re5+ Kf6
34. exf5 gxf5 35. Rxc5 Rxa3+ 36. Kd4 Ra2 37. Rc6+ Kg7 38. h4 Ra3 39. Ke5 Ra5+
40. Ke6 Kg6 41. Rc8 Ra6+ 42. Ke5 Ra5+ 43. Ke6 Ra6+ 44. Ke7 Kh5 45. Rf8 Kg4 46.
h5 h6 47. Kd7 Rb6 48. Kc7 Rb3 49. Rg8+ Kxh5 50. Kd6 Re3 51. g4+ fxg4 52. f5 Rf3
53. Ke6 Kh4 54. f6 g3 55. f7 h5 56. f8=Q Rxf8 57. Rxf8 g2 58. Rg8 Kh3 59. Kf5 h4
60. Kf4 Kh2 0-1

[Event "Olimpiade 2022 - Open"]
[Site "Chennai"]
[Date "06.08.2022"]
[Round "8.8"]
[Board "4"]
[White "Vera Siguenas, Deivy"]
[Black "Karthikeyan, Murali"]
[Result "1/2-1/2"]
[WhiteTitle "GM"]
[BlackTitle "GM"]
[WhiteElo "2503"]
[BlackElo "2613"]
[WhiteTeam "Peru"]
[BlackTeam "India 3"]
[WhiteFideId "3804623"]
[BlackFideId "5074452"]
[EventDate "2022.07.29"]

1. d4 Nf6 2. c4 e6 3. Nc3 Bb4 4. e3 O-O 5. Bd3 d5 6. Nf3 dxc4 7. Bxc4 c5 8. O-O
Nc6 9. Bd3 h6 10. dxc5 Bxc5 11. a3 Bd6 12. Ne4 Nxe4 13. Bxe4 Ne5 14. Bd2 f5 15.
Bc3 Qc7 16. Bxe5 Bxe5 17. Rc1 Qd6 18. Nxe5 Qxe5 19. Bf3 Rb8 20. Qa4 a5 21. Rfd1
b6 22. Qd4 Qxd4 23. Rxd4 Bb7 24. Rc7 Rfc8 25. Rdd7 Rxc7 26. Rxc7 Rc8 27. Rxc8+
Bxc8 28. Kf1 Kf7 29. Ke1 Kf6 30. Kd2 g5 31. Kc3 Ke5 32. Ba8 Ba6 33. b4 f4 34.
exf4+ Kxf4 35. bxa5 bxa5 36. g3+ Kg4 37. Bg2 e5 38. Kd2 Kf5 39. Bd5 Bf1 40. Ke3
h5 41. Be4+ Kf6 42. h4 gxh4 1/2-1/2

[Event "Olimpiade 2022 - Open"]
[Site "Chennai"]
[Date "06.08.2022"]
[Round "8.9"]
[Board "1"]
[White "Stremavicius, Titas"]
[Black "Saric, Ivan"]
[Result "1/2-1/2"]
[WhiteTitle "GM"]
[BlackTitle "GM"]
[WhiteElo "2532"]
[BlackElo "2680"]
[WhiteTeam "Lithuania"]
[BlackTeam "Croatia"]
[WhiteFideId "12804444"]
[BlackFideId "14508150"]
[EventDate "2022.07.29"]

1. c4 Nf6 2. Nc3 e5 3. Nf3 Nc6 4. e3 Bb4 5. Qc2 Bxc3 6. bxc3 O-O 7. e4 d6 8. g3
a5 9. Bg2 a4 10. O-O Bd7 11. Rb1 Qc8 12. Nh4 Bh3 13. Nf5 Bxg2 14. Kxg2 g6 15.
Ne3 b6 16. d3 Ne7 17. d4 Qb7 18. f3 Nd7 19. Nd5 Nxd5 20. cxd5 f5 21. Bh6 Rf7 22.
g4 c6 23. exf5 gxf5 24. gxf5 cxd5 25. Kh1 Kh8 26. Rg1 Nf6 27. Rg3 Ng8 28. Be3
Ne7 29. Rg5 Qd7 30. f6 Rxf6 31. dxe5 dxe5 32. Rxe5 Nc6 33. Rxb6 Rxf3 34. Rxc6
Rxe3 35. Rxe3 Qxc6 36. Qd3 d4+ 37. Rf3 Qxc3 38. Qxc3 dxc3 39. Rxc3 Rb8 40. Rc7
Rb1+ 41. Kg2 Rb2+ 42. Kg3 Rxa2 43. Ra7 a3 44. h4 Ra1 45. Kg4 Rg1+ 46. Kh3 Ra1 1/2-1/2